[Event "Toronto Closed"]
[Site "Toronto CAN"]
[Date "2003.02.21"]
[Round "2"]
[White "Thavandiran, Shiyam"]
[Black "Haziprodromu, Sam"]
[Result "1-0"]
[WhiteElo "2001"]
[BlackElo "1959"]
[PlyCount "57"]
[EventDate "2003.02.18"]
[EventType "tourn"]
[EventRounds "11"]
[EventCountry "CAN"]

1. e4 e5 2. Nf3 Nc6 3. Bc4 Bc5 4. c3 Nf6 5. d3 d6 6. b4 Bb6 7. a4 a5 8. b5 Ne7
9. Nbd2 Ng6 10. Nf1 O-O 11. Ng3 h6 12. O-O d5 13. exd5 Nxd5 14. Qb3 c6 15. Ba3
Re8 16. Ne4 Bg4 17. Nfd2 Ngf4 18. Nd6 Qg5 19. N6e4 Qg6 20. Ng3 Nxg2 21. Bxd5
cxd5 22. Kxg2 Qxd3 23. f3 Qxd2+ 24. Kh1 Bh3 25. Rg1 Bxg1 26. Rxg1 Re6 27. c4
Rf6 28. cxd5 Rxf3 29. Qxf3 1-0

[Event "Toronto Closed"]
[Site "Toronto CAN"]
[Date "2003.02.25"]
[Round "3"]
[White "Lawless, David"]
[Black "Thavandiran, Shiyam"]
[Result "0-1"]
[WhiteElo "2084"]
[BlackElo "2001"]
[PlyCount "92"]
[EventDate "2003.02.18"]
[EventType "tourn"]
[EventRounds "11"]
[EventCountry "CAN"]

1. d4 e6 2. c4 Nf6 3. Nc3 Bb4 4. Qc2 c5 5. dxc5 Na6 6. a3 Bxc3+ 7. Qxc3 Nxc5 8.
e3 O-O 9. Nf3 Nce4 10. Qc2 b6 11. Be2 Bb7 12. b4 d5 13. Bb2 Rc8 14. Qb3 dxc4
15. Bxc4 Qc7 16. Rc1 b5 17. Be2 Qb8 18. O-O Bd5 19. Rxc8 Rxc8 20. Qd3 Bc4 21.
Qd1 Rd8 22. Qc2 Bd5 23. h3 Rc8 24. Qd3 a6 25. Be5 Qb7 26. Rd1 h6 27. Bf1 Bc4
28. Qd4 Bd5 29. Qb2 Rc6 30. Nd4 Rc8 31. f3 Nc3 32. Rc1 Na4 33. Qd2 Nd7 34. Bg3
Nab6 35. Bd3 Bc4 36. Bb1 Nf8 37. Rd1 Bd5 38. Ne2 Nc4 39. Qc3 Bxf3 40. gxf3 Qxf3
41. Bf2 Qxe2 42. Re1 Qf3 43. h4 Rd8 44. a4 Qg4+ 45. Kh1 Qh3+ 46. Kg1 Nd2 0-1

[Event "Toronto Closed"]
[Site "Toronto CAN"]
[Date "2003.03.04"]
[Round "5"]
[White "Henderson, Fred"]
[Black "Thavandiran, Shiyam"]
[Result "1-0"]
[WhiteElo "1950"]
[BlackElo "2001"]
[PlyCount "135"]
[EventDate "2003.02.18"]
[EventType "tourn"]
[EventRounds "11"]
[EventCountry "CAN"]

1. Nf3 e6 2. c4 Nf6 3. g3 Nc6 4. Bg2 d5 5. O-O dxc4 6. Qa4 Bd7 7. Qxc4 Be7 8.
d4 O-O 9. Bg5 Ne4 10. Bxe7 Qxe7 11. Nc3 Nd6 12. Qd3 Nb4 13. Qb1 Nd5 14. Ne5 c6
15. e4 Nxc3 16. bxc3 b6 17. Qd3 Rac8 18. Rfd1 Rfd8 19. Nxd7 Qxd7 20. Bh3 f5 21.
exf5 exf5 22. Bg2 Re8 23. Re1 g6 24. Rad1 Kg7 25. c4 Rxe1+ 26. Rxe1 Re8 27. Re5
Nf7 28. Rxe8 Qxe8 29. Qc3 Kg8 30. Kf1 Nd6 31. Qe1 Qxe1+ 32. Kxe1 Nxc4 33. Bxc6
Kf8 34. Ke2 Ke7 35. Bd5 Nd6 36. Kd3 h6 37. f4 Ne8 38. Kc4 Nf6 39. Bf3 Kd6 40.
a4 g5 41. fxg5 hxg5 42. h3 a6 43. Bb7 a5 44. Bc8 f4 45. gxf4 gxf4 46. h4 f3 47.
Bh3 f2 48. Bg2 Nd5 49. Kb5 Kc7 50. Bf1 Ne3 51. Bh3 f1=Q+ 52. Bxf1 Nxf1 53. h5
Ng3 54. h6 Nf5 55. h7 Nd6+ 56. Ka6 Nf7 57. d5 Nh8 58. d6+ Kxd6 59. Kxb6 Kd7 60.
Kxa5 Kc7 61. Kb5 Kb7 62. Kc5 Ka6 63. Kd5 Ka5 64. Ke6 Kxa4 65. Kf6 Kb5 66. Kg7
Kc6 67. Kxh8 Kd7 68. Kg7 1-0

[Event "Toronto Closed"]
[Site "Toronto CAN"]
[Date "2003.03.11"]
[Round "6"]
[White "Thavandiran, Shiyam"]
[Black "Tang, Charlie"]
[Result "1/2-1/2"]
[WhiteElo "2001"]
[BlackElo "2240"]
[PlyCount "83"]
[EventDate "2003.02.18"]
[EventType "tourn"]
[EventRounds "11"]
[EventCountry "CAN"]

1. e4 c5 2. Nf3 Nc6 3. Nc3 g6 4. Bb5 Bg7 5. O-O e6 6. Re1 d6 7. d4 cxd4 8. Nxd4
Nge7 9. Bg5 f6 10. Be3 O-O 11. Qd2 Qc7 12. Rad1 Rd8 13. Ba4 Nxd4 14. Bxd4 Nc6
15. Bb3 Qa5 16. f4 Kh8 17. Kh1 Nxd4 18. Qxd4 b5 19. a3 Rb8 20. Qf2 Qb6 21. Qxb6
Rxb6 22. Re3 Bh6 23. g3 Bf8 24. Red3 a5 25. Kg2 b4 26. axb4 axb4 27. Na4 Rc6
28. Rd4 d5 29. exd5 exd5 30. Rxd5 Rxd5 31. Rxd5 Bb7 32. Kf2 Rxc2+ 33. Bxc2 Bxd5
34. b3 Kg8 35. Ke3 Kf7 36. Kd4 Ke6 37. Nc5+ Kd6 38. Na6 Kc6 39. Nb8+ Kd6 40.
Na6 Kc6 41. Nb8+ Kd6 42. Na6 1/2-1/2

[Event "Toronto Closed"]
[Site "Toronto CAN"]
[Date "2003.03.14"]
[Round "7"]
[White "Barron, Michael"]
[Black "Thavandiran, Shiyam"]
[Result "1-0"]
[WhiteElo "2370"]
[BlackElo "2001"]
[PlyCount "61"]
[EventDate "2003.02.18"]
[EventType "tourn"]
[EventRounds "11"]
[EventCountry "CAN"]

1. e4 e6 2. d4 d5 3. Nd2 Be7 4. Bd3 c5 5. c3 Nc6 6. Ne2 cxd4 7. cxd4 Qb6 8. O-O
Nb4 9. Bb1 dxe4 10. Nxe4 Nf6 11. N2c3 O-O 12. Bg5 Nbd5 13. Nxd5 exd5 14. Nxf6+
Bxf6 15. Bxf6 Qxf6 16. Qh5 g6 17. Qxd5 Rd8 18. Qe5 Qb6 19. d5 f6 20. Qe7 Rxd5
21. Bc2 Qd8 22. Rfe1 Qxe7 23. Rxe7 Rd7 24. Re8+ Kg7 25. h3 Rc7 26. Be4 Rb8 27.
Rd1 Kf7 28. Rdd8 Re7 29. Bd5+ Be6 30. Bxe6+ Rxe6 31. Rf8+ 1-0

[Event "Toronto Closed"]
[Site "Toronto CAN"]
[Date "2003.03.18"]
[Round "8"]
[White "Thavandiran, Shiyam"]
[Black "Southam, David"]
[Result "0-1"]
[WhiteElo "2001"]
[BlackElo "2202"]
[PlyCount "64"]
[EventDate "2003.02.18"]
[EventType "tourn"]
[EventRounds "11"]
[EventCountry "CAN"]

1. e4 c6 2. d4 d5 3. e5 Bf5 4. Nc3 Qb6 5. Nge2 e6 6. Nf4 h6 7. g4 Bh7 8. a3 Nd7
9. h4 c5 10. Bb5 cxd4 11. Bxd7+ Kxd7 12. Nce2 Ne7 13. Nxd4 Nc6 14. Nxc6 Qxc6
15. c3 Rc8 16. Ne2 Kc7 17. Nd4 Qa6 18. Be3 Kb8 19. a4 f6 20. Nb5 Bc5 21. Bf4 g5
22. Bg3 f5 23. f4 gxf4 24. Bxf4 fxg4 25. b4 Be4 26. Rf1 Be7 27. Qxg4 Bd3 28.
Kd2 Rhg8 29. Qh3 Bxf1 30. Rxf1 Qxa4 31. Nd6 Qa2+ 32. Kc1 Rg2 0-1

[Event "Toronto Closed"]
[Site "Toronto CAN"]
[Date "2003.03.21"]
[Round "9"]
[White "Henry, Liam"]
[Black "Thavandiran, Shiyam"]
[Result "1/2-1/2"]
[WhiteElo "1964"]
[BlackElo "2001"]
[PlyCount "76"]
[EventDate "2003.02.18"]
[EventType "tourn"]
[EventRounds "11"]
[EventCountry "CAN"]

1. e4 e6 2. d4 d5 3. Nc3 Bb4 4. e5 Ne7 5. a3 Bxc3+ 6. bxc3 b6 7. Qg4 Kf8 8. Bd3
Ba6 9. Bxa6 Nxa6 10. Ne2 h5 11. Qh3 Ng6 12. g3 c5 13. O-O Qc8 14. Bg5 cxd4 15.
f4 Nc5 16. f5 exf5 17. Rxf5 Ne4 18. Qf1 Kg8 19. cxd4 Qe6 20. Qf3 Rc8 21. Rf1
Rxc2 22. Be3 Rc7 23. Rxh5 Rxh5 24. Qxh5 Rc2 25. Nf4 Nxf4 26. Rxf4 g6 27. Qh6 f5
28. Rh4 Kf7 29. Qh8 Nf6 30. Bg5 Nh5 31. Qh7+ Kf8 32. Qxa7 f4 33. Qb8+ Kf7 34.
g4 Qc6 35. Qa7+ Kg8 36. Qb8+ Kf7 37. Qa7+ Kg8 38. Qb8+ Kf7 1/2-1/2

[Event "Toronto Closed"]
[Site "Toronto CAN"]
[Date "2003.03.26"]
[Round "10"]
[White "Thavandiran, Shiyam"]
[Black "Lavin, David"]
[Result "1-0"]
[WhiteElo "2001"]
[BlackElo "2155"]
[PlyCount "125"]
[EventDate "2003.02.18"]
[EventType "tourn"]
[EventRounds "11"]
[EventCountry "CAN"]

1. e4 c5 2. Nf3 d6 3. d4 cxd4 4. Qxd4 Nc6 5. Bb5 Bd7 6. Bxc6 Bxc6 7. Nc3 Nf6 8.
Bg5 e6 9. O-O-O Be7 10. Rhe1 Qa5 11. Kb1 O-O-O 12. Qd2 Kb8 13. Nd4 h6 14. Be3
a6 15. f3 Rd7 16. Qf2 Qc7 17. a4 Rdd8 18. Nb3 Nd7 19. a5 Rc8 20. Re2 Rhe8 21.
Red2 Nc5 22. Nxc5 dxc5 23. Bxc5 Qxa5 24. Bxe7 Rxe7 25. Qg3+ Rec7 26. Qxg7 h5
27. Rd8 Be8 28. Rxc8+ Rxc8 29. Qd4 Qg5 30. g3 Ka8 31. e5 Bc6 32. f4 Qg4 33. Qb6
Qh3 34. Rd8 Rxd8 35. Qxd8+ Ka7 36. Qd4+ Kb8 37. Qf2 Bg2 38. Qg1 Bc6 39. b3 Kc8
40. Kb2 Kd7 41. Ne2 Ke8 42. Nd4 Be4 43. Qe3 Qg2 44. Qe2 Qxe2 45. Nxe2 Bf3 46.
Nd4 Bg4 47. Kc3 Kd7 48. Kb4 b6 49. c4 Kc7 50. c5 Bh3 51. cxb6+ Kxb6 52. Nf3 Bf5
53. Ng5 Bg6 54. h3 a5+ 55. Kc4 Kc6 56. g4 hxg4 57. hxg4 Kb6 58. Nf3 Be4 59. Nd4
Bg2 60. f5 Bf1+ 61. Kc3 exf5 62. gxf5 Kc5 63. e6 1-0

[Event "Toronto Closed"]
[Site "Toronto CAN"]
[Date "2003.03.28"]
[Round "11"]
[White "Prpic, Goran"]
[Black "Thavandiran, Shiyam"]
[Result "1-0"]
[WhiteElo "2140"]
[BlackElo "2001"]
[PlyCount "83"]
[EventDate "2003.02.18"]
[EventType "tourn"]
[EventRounds "11"]
[EventCountry "CAN"]

1. f4 Nf6 2. Nf3 d5 3. g3 c5 4. Bg2 g6 5. O-O Bg7 6. d3 Nc6 7. Qe1 O-O 8. h3 d4
9. Na3 Nd5 10. g4 f5 11. Qg3 e6 12. Bd2 a6 13. Nc4 Qc7 14. Nfe5 Rd8 15. Nxc6
Qxc6 16. gxf5 exf5 17. Ba5 Re8 18. Nb6 Be6 19. Nxa8 Rxa8 20. c4 dxc3 21. Bxc3
Bd4+ 22. Kh1 Qb6 23. Rfc1 Ne3 24. Bf3 Rd8 25. Qe1 Qd6 26. Qh4 Re8 27. Qg3 b5
28. a3 Bd5 29. Bxd4 cxd4 30. b4 Bxf3+ 31. Qxf3 Nd5 32. Rc5 Nxf4 33. Rc6 Qb8 34.
Rac1 Nxe2 35. Qd5+ Kh8 36. Rc7 Qd8 37. Qf7 Ng3+ 38. Kg2 Re2+ 39. Kg1 Re1+ 40.
Rxe1 Ne2+ 41. Rxe2 Qg5+ 42. Kh1 1-0

[Event "CYCC U10"]
[Site "Sackville CAN"]
[Date "2001.07.05"]
[Round "3"]
[White "Thavandiran, Shiyam"]
[Black "Davies, Noam"]
[Result "0-1"]
[WhiteElo "1719"]
[BlackElo "1613"]
[PlyCount "90"]
[EventDate "2001.07.04"]
[EventType "swiss"]
[EventRounds "7"]
[EventCountry "CAN"]
[Source "CFC"]
[SourceDate "2001.08.??"]

1. e4 c5 2. Nc3 e6 3. Bc4 a6 4. a4 Nc6 5. f4 Qh4+ 6. g3 Qd8 7. d3 b6 8. Nf3 Bb7
9. O-O Qc7 10. Be3 O-O-O 11. Qe2 h6 12. d4 cxd4 13. Nxd4 Bc5 14. Rfd1 Nxd4 15.
Bxd4 Bxd4+ 16. Rxd4 Qc5 17. Rad1 Ne7 18. Kf1 Nc6 19. R4d2 Nb4 20. Na2 Nxa2 21.
Bxa2 Qc6 22. Rd4 b5 23. R1d3 Kb8 24. axb5 axb5 25. Rc3 Qb6 26. Rd1 b4 27. Rf3
f5 28. Ke1 fxe4 29. Rf1 d5 30. Rh1 Ba6 31. Qd2 d4 32. Bb3 e3 33. Qg2 Bb7 34.
Qf1 e2 35. Kxe2 Bxh1 36. Qxh1 Qb5+ 37. Rd3 e5 38. fxe5 Qxe5+ 39. Kd1 Rhe8 40.
Rd2 Rd7 41. Ba4 Ra7 42. b3 d3 43. cxd3 Qa1+ 44. Kc2 Rc8+ 45. Bc6 Ra2# 0-1

[Event "CAN-ch"]
[Site "Toronto CAN"]
[Date "2024.03.27"]
[Round "1.9"]
[White "Thavandiran, Shiyam"]
[Black "Yang, Jingyun (Ryan)"]
[Result "1-0"]
[WhiteElo "2347"]
[BlackElo "2122"]
[PlyCount "85"]
[EventDate "2024.03.27"]
[EventType "swiss"]
[EventRounds "10"]
[EventCountry "CAN"]

1. c4 g6 2. g3 Bg7 3. Bg2 Nf6 4. Nc3 c5 5. e4 Nc6 6. Nge2 d6 7. d3 O-O 8. O-O
a6 9. a3 Rb8 10. Rb1 b5 11. cxb5 axb5 12. b4 cxb4 13. axb4 Bd7 14. h3 Qc7 15.
Be3 Rfc8 16. Qd2 Qd8 17. f4 Ne8 18. g4 e6 19. d4 Nc7 20. d5 exd5 21. exd5 Ne7
22. Bd4 f5 23. Bxg7 Kxg7 24. Rbe1 fxg4 25. hxg4 Bxg4 26. Nd4 Qd7 27. Nc6 Nxc6
28. dxc6 Qf7 29. Ne4 Ne8 30. Qd4+ Kh6 31. f5 gxf5 32. Nxd6 Nxd6 33. Qxd6+ Kg5
34. Re7 Qf6 35. Qf4+ Kg6 36. Rfe1 Re8 37. Rxe8 Rxe8 38. Rxe8 Kf7 39. Re1 Qc3
40. Bd5+ Kg6 41. Re6+ Kg7 42. Qh6+ Kf7 43. Re3# 1-0

[Event "CAN-ch"]
[Site "Toronto CAN"]
[Date "2024.03.28"]
[Round "2.7"]
[White "Noritsyn, Sergey"]
[Black "Thavandiran, Shiyam"]
[Result "0-1"]
[WhiteElo "2191"]
[BlackElo "2347"]
[PlyCount "66"]
[EventDate "2024.03.27"]
[EventType "swiss"]
[EventRounds "10"]
[EventCountry "CAN"]

1. e4 e6 2. Nf3 d5 3. e5 c5 4. c3 Nc6 5. d4 Bd7 6. Be2 Nge7 7. O-O Nf5 8. dxc5
Bxc5 9. b4 Bb6 10. b5 Na5 11. Bd3 Qc7 12. Ba3 Nc4 13. Bxf5 Nxa3 14. Nxa3 exf5
15. Qxd5 Be6 16. Qd2 Qc5 17. Qb2 O-O-O 18. Nd4 Kb8 19. Nxe6 fxe6 20. Qb3 Rc8
21. Rac1 Rhd8 22. Nb1 Rd5 23. c4 Rd4 24. Qg3 Rg4 25. Qh3 Rd8 26. Qxh7 Qxe5 27.
Nc3 Rxc4 28. Qh3 Rdc8 29. Rce1 Qxc3 30. g3 Qf6 31. Rd1 Rd4 32. Rc1 Rcd8 33. Qg2
e5 0-1

[Event "CAN-ch"]
[Site "Toronto CAN"]
[Date "2024.03.30"]
[Round "5.2"]
[White "Thavandiran, Shiyam"]
[Black "Sambuev, Bator"]
[Result "1-0"]
[WhiteElo "2347"]
[BlackElo "2462"]
[PlyCount "181"]
[EventDate "2024.03.27"]
[EventType "swiss"]
[EventRounds "10"]
[EventCountry "CAN"]

1. e4 e5 2. Nf3 Nc6 3. Nc3 Nf6 4. Bb5 Bb4 5. O-O O-O 6. d3 Bxc3 7. bxc3 d6 8.
Bg5 h6 9. Bh4 Qe7 10. Re1 a6 11. Bxc6 bxc6 12. Nd2 g5 13. Bg3 Bg4 14. f3 Be6
15. Nf1 Nh5 16. Ne3 Rab8 17. d4 Nf4 18. c4 Rb2 19. Qd2 Rfb8 20. d5 Bd7 21. dxc6
Bxc6 22. Kh1 Ne6 23. Nf5 Qf6 24. Bf2 Bd7 25. Ne3 Qd8 26. Nf5 Kh7 27. Rec1 Nf4
28. Ne3 Be6 29. Rd1 Qe8 30. c5 R2b5 31. cxd6 Rd8 32. c4 Rxd6 33. Qc3 Rc6 34. a4
Rbc5 35. Nd5 Rxc4 36. Qxc4 Bxd5 37. Qb4 Bc4 38. Qa3 g4 39. fxg4 Be2 40. Rdc1
Nd3 41. Rxc6 Qxc6 42. Bh4 Qxe4 43. Qf8 Qd5 44. Qd8 Qd4 45. Rb1 Nf2+ 46. Kg1
Ne4+ 47. Kh1 Nf2+ 48. Kg1 Nxg4+ 49. Qxd4 exd4 50. Rc1 d3 51. Be1 Nf6 52. Rxc7
Ne4 53. Rxf7+ Kg6 54. Rf4 Nc5 55. Kf2 Bd1 56. Ke3 Nxa4 57. Kxd3 Nc5+ 58. Kd2
Bb3 59. Bf2 Ne6 60. Rb4 Bd5 61. Rb6 Kf5 62. g3 Kg4 63. Rd6 Bc4 64. Kc3 Ba2 65.
Kb2 Bc4 66. Kc3 Ba2 67. Rxa6 Bd5 68. Rd6 Ba2 69. Ra6 Bd5 70. Ra4+ Kf3 71. Bb6
Be4 72. Ra2 Kg4 73. Re2 Bf5 74. Re5 Kg5 75. Be3+ Kf6 76. Ra5 h5 77. Kd2 Kg6 78.
Ke1 Nf8 79. Kf2 Ne6 80. Ra4 Nc7 81. Ra7 Ne6 82. Ra6 Bh3 83. Rb6 Bf5 84. Kf3 Bh3
85. Ke4 Kf6 86. Bd4+ Kg5 87. Be3+ Kf6 88. Bd4+ Kg5 89. Ke5 Nf8 90. Be3+ Kg4 91.
Rb4+ 1-0

[Event "CAN-ch"]
[Site "Toronto CAN"]
[Date "2024.04.01"]
[Round "9.1"]
[White "Thavandiran, Shiyam"]
[Black "Sai Krishna, GV."]
[Result "1-0"]
[WhiteElo "2347"]
[BlackElo "2404"]
[PlyCount "233"]
[EventDate "2024.03.27"]
[EventType "swiss"]
[EventRounds "10"]
[EventCountry "CAN"]

1. e4 e5 2. Nf3 Nc6 3. Nc3 Nf6 4. Bb5 Bb4 5. O-O O-O 6. d3 Bxc3 7. bxc3 d6 8.
Bg5 Qe7 9. Re1 Nd8 10. d4 Ne6 11. Bc1 c6 12. Bf1 Qc7 13. a4 Rd8 14. g3 b6 15.
Bg2 Ba6 16. Bb2 Re8 17. Nh4 Rad8 18. Nf5 Bc8 19. Qc1 h6 20. f4 Nf8 21. Nxd6
Qxd6 22. fxe5 Rxe5 23. dxe5 Qc5+ 24. Qe3 Qxe5 25. h3 Ng6 26. Rad1 Re8 27. Ba1
Nh5 28. Rd3 Ba6 29. c4 Qa5 30. Bc3 Qxa4 31. Ra1 Qxc4 32. Rd4 Qe2 33. Qxe2 Bxe2
34. Rxa7 Bb5 35. Rdd7 Bc4 36. Kf2 Nf6 37. Bxf6 gxf6 38. Rd6 Re6 39. Rd8+ Kg7
40. Bf3 Re5 41. h4 f5 42. exf5 Rxf5 43. Ke3 Rc5 44. Be4 Be6 45. Rd6 Re5 46.
Rxc6 Bf5 47. Rc4 Re6 48. Rb4 Ne7 49. Kf4 Bxe4 50. Rxe4 Nd5+ 51. Kf3 Rf6+ 52.
Kg4 Rf2 53. Re5 Nb4 54. Rf5 Rxf5 55. Kxf5 Nxc2 56. Ke4 Nb4 57. Rb7 Na6 58. Rxb6
Nc5+ 59. Kf5 Nd7 60. Rd6 Nf8 61. Ra6 Ng6 62. Ra7 Nf8 63. Ke5 Ng6+ 64. Kd6 Kf6
65. Ra1 Ne7 66. Rf1+ Nf5+ 67. Kd5 Kg6 68. Ke5 Ne7 69. Rf6+ Kg7 70. Ra6 Nc8 71.
Ra3 Kg6 72. Rc3 Ne7 73. Rc7 Ng8 74. Ra7 Kg7 75. Kd6 Kg6 76. Ra5 Kg7 77. Rf5 Kg6
78. Ra5 Kg7 79. Ra8 Nf6 80. Ra4 Ne8+ 81. Ke7 Nf6 82. Rd4 Ng8+ 83. Kd6 Nf6 84.
g4 Kg6 85. Rf4 Kg7 86. Ra4 Ne8+ 87. Ke7 Nf6 88. Rd4 Ng8+ 89. Kd6 Nf6 90. Rb4
Ne8+ 91. Ke7 Nf6 92. Rd4 Ng8+ 93. Kd8 Nf6 94. Rf4 Nd5 95. Rf2 Nf6 96. Rg2 Nd5
97. Rg1 Nf4 98. Ke8 Ng6 99. h5 Ne5 100. Rf1 f6 101. Rf4 Nd3 102. Rd4 Ne5 103.
Re4 Kg8 104. Ke7 Kg7 105. Rf4 Nc6+ 106. Kd7 Ne5+ 107. Ke6 Nf7 108. Rxf6 Ng5+
109. Kf5 Nf3 110. Rg6+ Kh7 111. Ra6 Nh4+ 112. Kf6 Kg8 113. Ra8+ Kh7 114. Ra3
Kg8 115. Rg3 Kh7 116. g5 hxg5 117. Kxg5 1-0

[Event "CAN-ch"]
[Site "Toronto CAN"]
[Date "2024.04.02"]
[Round "10.1"]
[White "Dorrance, Adam"]
[Black "Thavandiran, Shiyam"]
[Result "0-1"]
[WhiteElo "2276"]
[BlackElo "2347"]
[PlyCount "94"]
[EventDate "2024.03.27"]
[EventType "swiss"]
[EventRounds "10"]
[EventCountry "CAN"]

1. d4 Nf6 2. c4 e6 3. Nc3 Bb4 4. f3 d5 5. a3 Be7 6. e4 dxe4 7. fxe4 e5 8. d5
Bc5 9. Nf3 Bg4 10. h3 Bxf3 11. Qxf3 a5 12. Bd3 Nbd7 13. Bd2 O-O 14. O-O-O Ne8
15. Kb1 Nd6 16. Rdf1 c6 17. g4 Qb6 18. Qd1 Bd4 19. Qc2 Nc5 20. Rf3 Nxd3 21.
Qxd3 Qb3 22. Ka1 Nxc4 23. Bc1 cxd5 24. exd5 Rac8 25. Nd1 Qxa3+ 26. Qxa3 Nxa3
27. Bd2 Nb5 28. Kb1 b6 29. Ne3 Nd6 30. Nc2 Nc4 31. Bg5 Bc5 32. Rd1 f6 33. Be3
Nd6 34. Bxc5 Rxc5 35. Ne3 a4 36. Rg1 b5 37. Rff1 b4 38. Rc1 Rfc8 39. Rxc5 Rxc5
40. Rc1 Rxc1+ 41. Kxc1 g6 42. b3 a3 43. Nc2 f5 44. gxf5 gxf5 45. Nxb4 f4 46.
Nc2 f3 47. Ne3 f2 0-1